Ecología y medio ambiente / (Registro nro. 11556)
[ vista simple ]
| 000 -LEADER | |
|---|---|
| fixed length control field | 01070nam a22002657a 4500 |
| 001 - CONTROL NUMBER | |
| control field | 000551 |
| 003 - CONTROL NUMBER IDENTIFIER | |
| control field | DO-SdBNP |
| 005 - DATE AND TIME OF LATEST TRANSACTION | |
| control field | 20170915092710.0 |
| 007 - PHYSICAL DESCRIPTION FIXED FIELD--GENERAL INFORMATION | |
| fixed length control field | 000551 |
| 008 - FIXED-LENGTH DATA ELEMENTS--GENERAL INFORMATION | |
| fixed length control field | 161012b 2011 ck a ||||| |||| 00| 0 spa d |
| 020 ## - INTERNATIONAL STANDARD BOOK NUMBER | |
| International Standard Book Number | 9789586774192 |
| 040 ## - CATALOGING SOURCE | |
| Original cataloging agency | BPMSU |
| Language of cataloging | spa |
| Transcribing agency | BPMSU |
| 082 ## - DEWEY DECIMAL CLASSIFICATION NUMBER | |
| Classification number | 577 |
| Item number | S939e |
| 100 1# - MAIN ENTRY--PERSONAL NAME | |
| Personal name | Suárez Velandia, Miryam |
| 245 10 - TITLE STATEMENT | |
| Title | Ecología y medio ambiente / |
| Statement of responsibility, etc. | Miryam Suárez Velandia. |
| 260 ## - PUBLICATION, DISTRIBUTION, ETC. (IMPRINT) | |
| Place of publication, distribution, etc. | Bogotá : |
| Name of publisher, distributor, etc. | Zamora Editores, |
| Date of publication, distribution, etc. | 2011. |
| 300 ## - PHYSICAL DESCRIPTION | |
| Extent | 202 p. : |
| Other physical details | il. ; |
| Dimensions | 38 cm. + |
| Accompanying material | CD-ROM |
| 505 0# - FORMATTED CONTENTS NOTE | |
| Title | La crisis ambiental -- |
| -- | Conceptos básicos – |
| -- | La tierra – |
| -- | La situación actual – |
| -- | La educación ambiental formal – |
| -- | La educación ambiental no formal – |
| -- | Organizaciones, fundaciones ecológicas – |
| -- | El desarrollo sostenible – |
| -- | Las religiones y la ecología – |
| -- | Los detractores del cambio climático – |
| -- | Aún hay esperanza. |
| 650 #4 - SUBJECT ADDED ENTRY--TOPICAL TERM | |
| Topical term or geographic name as entry element | ECOLOGÍA |
| 650 #4 - SUBJECT ADDED ENTRY--TOPICAL TERM | |
| Topical term or geographic name as entry element | MEDIO AMBIENTE |
| 710 ## - ADDED ENTRY--CORPORATE NAME | |
| Corporate name or jurisdiction name as entry element | Zamora Editores |
| 942 ## - ADDED ENTRY ELEMENTS (KOHA) | |
| Source of classification or shelving scheme | Dewey Decimal Classification |
| Koha item type | Libros |
| 945 ## - LOCAL PROCESSING INFORMATION (OCLC) | |
| a | Intariando / 2017 VM |
| 956 ## - LOCAL ELECTRONIC LOCATION AND ACCESS (OCLC) | |
| Access method | LOPEREZ |
| Materials specified | 10 |
| Linkage | 20161012 |
| Field link and sequence number | BPMSU |
| Host name | 00041 |
| Withdrawn status | Lost status | Source of classification or shelving scheme | Damaged status | Not for loan | Collection code | Home library | Current library | Date acquired | Source of acquisition | Total Checkouts | Full call number | Barcode | Date last seen | Price effective from | Koha item type | Copy number |
|---|---|---|---|---|---|---|---|---|---|---|---|---|---|---|---|---|
| Dewey Decimal Classification | Colección General | Biblioteca Pública Metropolitana Salomé Ureña | Biblioteca Pública Metropolitana Salomé Ureña | 10/12/2016 | Compra | 577 S939e | BPMSU16100150 | 10/12/2016 | 10/12/2016 | Libros | ||||||
| Dewey Decimal Classification | Colección General | Biblioteca Pública Metropolitana Salomé Ureña | Biblioteca Pública Metropolitana Salomé Ureña | 10/12/2016 | Compra | 577 S939e | BPMSU16100151 | 10/12/2016 | 10/12/2016 | Libros | e. 2 | |||||
| Dewey Decimal Classification | Colección General | Biblioteca Pública Metropolitana Salomé Ureña | Biblioteca Pública Metropolitana Salomé Ureña | 10/12/2016 | Compra | 577 S939e | BPMSU16100152 | 10/12/2016 | 10/12/2016 | Libros | e. 3 |